| 000 | 00620nam a22001937a 4500 | ||
|---|---|---|---|
| 003 | OSt | ||
| 005 | 20240515120551.0 | ||
| 008 | 240515b |||||||| |||| 00| 0 eng d | ||
| 020 | _a0072229950 | ||
| 040 | _cMUST | ||
| 082 | _2004 KET 2003 | ||
| 100 |
_aKettle, Jennifer Ackerman _916982 |
||
| 245 |
_aMicrosoft Office 2003: _bThe complete Reference/ _cJennifer Ackerman Kettell, GuyGart-Davis, Curt Simmons |
||
| 260 |
_aMcGraw-Hill: _bNew York; _c2003 |
||
| 300 |
_aXXXIX,861P.: _bill; _c16cm. |
||
| 504 | _aBibliographical references and index included. | ||
| 650 |
_aMicrosoft Office 2003. _916983 |
||
| 942 |
_2ddc _cBOOK |
||
| 999 |
_c8334 _d8334 |
||